000 00986nam a2200313 4500
003 EG-GICUC
005 20260121101331.0
008 251122s1971 us ||||fr|||| 00| 0 eng d
040 _aEG-GiCUC
_beng
_cEG-GiCUC
_dEG-GiCUC
_erda
041 _aeng
082 0 4 _221
_a341.48
_bS A . R
092 0 4 _221
099 _aLaw1 11 341.48 S A . R 1971
100 1 _a Santa Cruz, Hernán
_eAuthor.
245 1 0 _aRacial discrimination /
_cBy Hernán Santa Cruz, Special Rapporteur on Racial Discrimination.
264 1 _aNew York :
_bUnited Nations،
_c1971.
300 _a324 pages :
_c24 cm.
336 _2rda content
_atext
337 _2rda media
_aComputer
338 _2rda carrier
_aOnline Resource
504 _aBibliographic references
546 _aText in English
650 1 _ahuman rights
_2qrmak
650 1 _aRacial discrimination
651 1 _2qrmak
856 4 0 _uhttps://fll.law.cu.edu.eg/fulltext/bks/B11-06067.pdf
905 _a75
_eYara
942 _2ddc
_n0
_cBK
_e21
999 _c45273
_d45273